New principles of selection for listing buildings (Record no. 106610)
[ view plain ]
| 000 -LEADER | |
|---|---|
| fixed length control field | 01416cam a2200229 4500 |
| 001 - CONTROL NUMBER | |
| control field | L137032 |
| 008 - FIXED-LENGTH DATA ELEMENTS--GENERAL INFORMATION | |
| fixed length control field | 070312s2007 xxk f 000 0 eng d |
| 035 ## - SYSTEM CONTROL NUMBER | |
| System control number | (Sirsi) u137032 |
| 041 0# - LANGUAGE CODE | |
| Language code of text/sound track or separate title | eng |
| 050 04 - LIBRARY OF CONGRESS CALL NUMBER | |
| Classification number | 690.241 $2 18 |
| 110 1# - MAIN ENTRY--CORPORATE NAME | |
| Corporate name or jurisdiction name as entry element | United Kingdom |
| Subordinate unit | Department for Culture, Media and Sport |
| 245 00 - TITLE STATEMENT | |
| Title | New principles of selection for listing buildings |
| Remainder of title | an analysis of consultation responses |
| Medium | [electronic resource] |
| 260 ## - PUBLICATION, DISTRIBUTION, ETC. | |
| Place of publication, distribution, etc. | London |
| Name of publisher, distributor, etc. | DCMS |
| Date of publication, distribution, etc. | 2007 |
| 520 ## - SUMMARY, ETC. | |
| Summary, etc. | Provides an analysis of responses to government's 2005 consultation on proposed revisions to the criteria used when assessing a building for listing (L130563). The consultation proposed revised principles of selection with two sections, the first containing the statutory criteria and general principles and the second setting out an overview of 20 building types. (See also DCLG Circular 01/2007 (L137007) and the English Heritage selection guides (L137036)). |
| 650 24 - SUBJECT ADDED ENTRY--TOPICAL TERM | |
| Topical term or geographic name entry element | ENGLISH HERITAGE SELECTION GUIDES |
| 650 24 - SUBJECT ADDED ENTRY--TOPICAL TERM | |
| Topical term or geographic name entry element | DCLG CIRCULAR 01/2007 |
| 650 24 - SUBJECT ADDED ENTRY--TOPICAL TERM | |
| Topical term or geographic name entry element | HERITAGE PROTECTION WHITE PAPER 2007 |
| 651 #4 - SUBJECT ADDED ENTRY--GEOGRAPHIC NAME | |
| Geographic name | England |
| Chronological subdivision | 886- |
| 690 ## - LOCAL SUBJECT ADDED ENTRY--TOPICAL TERM (OCLC, RLIN) | |
| Topical term or geographic name as entry element | BUILT ENVIRONMENT-BUILDING TYPES-HISTORIC BUILDINGS AND ANCIENT MONUMENTS-LISTED BUILDINGS |
| 856 40 - ELECTRONIC LOCATION AND ACCESS | |
| Uniform Resource Identifier | <a href="https://www.culture.gov.uk/Reference_library/Consultations/2007_current_consultations/hpr_whitepaper07.htm">https://www.culture.gov.uk/Reference_library/Consultations/2007_current_consultations/hpr_whitepaper07.htm</a> |
| Public note | View the consultation responses free of charge at www.culture.gov.uk... |
| 942 ## - ADDED ENTRY ELEMENTS (KOHA) | |
| Suppress in OPAC | 0 |
| Withdrawn status | Lost status | Source of classification or shelving scheme | Damaged status | Not for loan | Home library | Current library | Shelving location | Date acquired | Total Checkouts | Full call number | Barcode | Date last seen | Copy number | Price effective from | Koha item type |
|---|---|---|---|---|---|---|---|---|---|---|---|---|---|---|---|
| Dewey Decimal Classification | Virtual | Virtual | Online | 12/03/2007 | ONLINE PUBLICATION | 137032-2001 | 06/08/2019 | 1 | 06/08/2019 | Book |